00467nam a2200133Ia 4500082001200000100002000012245010400032260003700136300002200173650004700195650004200242650002700284710002200311 aTR.0017 aRoy, Paul Mohan 0aBibliometric analysis and evaluation of research writings by Indian authors in the field of physics c1985bMadurai Kamaraj University a269p. + C D - 50 aPHYSICS LITERATURE//PHYSICS - BIBLIOGRAPHY aBIBLIOGRAPHY///PHYSICS - BIBLIOGRAPHY aPHYSICS - BIBLIOGRAPHY aRao, D.B. Krishna